[Event "OP-2022-0-05342"]
[Site "LSS email"]
[Date "2022.10.16"]
[Round "?"]
[White "Cornell, David"]
[Black "Plummer, Martin"]
[Result "1-0"]
[WhiteElo "1831"]
[BlackElo "1191"]
[PlyCount "45"]
[EventDate "2022.10.10"]
[EventType "tourn (corr)"]
[EventRounds "4"]
[EventCountry "GER"]
[SourceTitle "Corr 2024"]
[Source "ChessBase"]
[SourceDate "2023.10.19"]
[SourceVersion "1"]
[SourceVersionDate "2023.10.19"]
[SourceQuality "1"]

1. d4 g6 2. e4 Bg7 3. Nf3 d6 4. c3 Nd7 5. Bc4 e6 6. 0-0 Ne7 7. Re1 a6 8. Nbd2 0-0 9. a4 c5 10. d5 Nb6 11. dxe6 fxe6 12. a5 Nxc4 13. Nxc4 d5 14. Nb6 Rb8 15. exd5 exd5 16. Bg5 Bf6 17. Bf4 Bg4 18. Bxb8 Qxb8 19. Nxd5 Qd6 20. Nxe7+ Bxe7 21. Qb3+ Kh8 22. Ne5 Be6 23. Nxg6+ 1-0

[Event "OP-2020-0-04936"]
[Site "LSS email"]
[Date "2020.03.04"]
[Round "?"]
[White "Cornell, David"]
[Black "Lauer, Frederic"]
[Result "1-0"]
[WhiteElo "1768"]
[BlackElo "1096"]
[PlyCount "47"]
[EventDate "2020.03.03"]
[EventType "tourn (corr)"]
[EventRounds "4"]
[EventCountry "GER"]
[SourceTitle "Corr 2022"]
[Source "ChessBase"]
[SourceDate "2021.10.24"]
[SourceVersion "1"]
[SourceVersionDate "2021.10.24"]
[SourceQuality "1"]

1. d4 d5 2. Nf3 Nf6 3. e3 g6 4. c4 dxc4 5. Bxc4 Bg7 6. 0-0 0-0 7. Nc3 Bg4 8. h3 Bd7 9. Qe2 Nc6 10. Rd1 Re8 11. e4 e5 12. Nxe5 Nxe5 13. dxe5 Rxe5 14. f4 Re8 15. e5 Qc8 16. Be3 Nh5 17. g4 Ng3 18. Qf3 h5 19. Qxg3 hxg4 20. Ne4 gxh3 21. Qxg6 Be6 22. Nf6+ Kf8 23. Bc5+ Re7 24. Qh7 1-0

[Event "CP-2018-P-00023"]
[Site "LSS email"]
[Date "2018.09.27"]
[Round "?"]
[White "Cornell, David"]
[Black "Schwarte, Joachim"]
[Result "1/2-1/2"]
[WhiteElo "1760"]
[BlackElo "1982"]
[PlyCount "110"]
[EventDate "2018.10.01"]
[EventType "tourn (corr)"]
[EventRounds "6"]
[EventCountry "GER"]
[SourceTitle "Corr 2022"]
[Source "ChessBase"]
[SourceDate "2021.10.24"]
[SourceVersion "1"]
[SourceVersionDate "2021.10.24"]
[SourceQuality "1"]

1. Nf3 d5 2. d4 c6 3. Bf4 Bg4 4. e3 e6 5. Nbd2 Bd6 6. Bxd6 Bxf3 7. Nxf3 Qxd6 8. a3 Nd7 9. c4 Ngf6 10. Qc2 0-0 11. Be2 dxc4 12. Qxc4 a6 13. 0-0 Rfc8 14. h3 c5 15. Rac1 g6 16. dxc5 Rxc5 17. Qd4 Qxd4 18. Nxd4 Rac8 19. Nb3 Rxc1 20. Rxc1 Rxc1+ 21. Nxc1 Kf8 22. Nd3 e5 23. f3 e4 24. Nf2 exf3 25. Bxf3 b6 26. Nd3 Ke7 27. Kf2 Kd6 28. Ke2 h5 29. Kd2 h4 30. Bb7 a5 31. Kc3 Nd5+ 32. Kd4 Nc7 33. Bf3 b5 34. b4 axb4 35. axb4 Ne6+ 36. Kc3 Ne5 37. Ne1 Nc4 38. Nc2 Nc7 39. Be2 Nb6 40. Nd4 Ncd5+ 41. Kd2 Nc4+ 42. Ke1 Nxb4 43. Nxb5+ Kc5 44. Bxc4 Kxc4 45. Nd6+ Kd3 46. Nxf7 Kxe3 47. Ne5 g5 48. Kf1 Ke4 49. Nf3 Kf4 50. Nd4 Nd3 51. Ne6+ Kf5 52. Nd4+ Ke5 53. Nf3+ Kf4 54. Nd4 g4 55. hxg4 Kxg4 1/2-1/2

[Event "CP-2018-P-00023"]
[Site "LSS email"]
[Date "2018.09.27"]
[Round "?"]
[White "Elski, Marek"]
[Black "Cornell, David"]
[Result "1-0"]
[WhiteElo "1975"]
[BlackElo "1760"]
[PlyCount "63"]
[EventDate "2018.10.01"]
[EventType "tourn (corr)"]
[EventRounds "6"]
[EventCountry "GER"]
[SourceTitle "Corr 2022"]
[Source "ChessBase"]
[SourceDate "2021.10.24"]
[SourceVersion "1"]
[SourceVersionDate "2021.10.24"]
[SourceQuality "1"]

1. e4 e5 2. Nf3 Nf6 3. Nxe5 Qe7 4. Nf3 Qxe4+ 5. Be2 Be7 6. d4 0-0 7. 0-0 d5 8. c4 Nc6 9. Nc3 Qf5 10. Bd3 Qh5 11. c5 Bg4 12. Be2 Ne4 13. h3 Be6 14. Bd3 Rad8 15. Bf4 Qg6 16. Kh2 Rd7 17. Ne2 Qh5 18. Ng3 Qg6 19. Bb5 Nxg3 20. fxg3 Bf5 21. Bxc6 Qxc6 22. Ne5 Qe6 23. Nxd7 Qxd7 24. Bxc7 Bxh3 25. gxh3 Qxc7 26. Qd3 Bf6 27. b4 h5 28. Rae1 h4 29. Rxf6 gxf6 30. Qf3 Qxg3+ 31. Qxg3+ hxg3+ 32. Kxg3 1-0

[Event "OP-2018-0-04638"]
[Site "LSS email"]
[Date "2018.08.26"]
[Round "?"]
[White "Strnad, Pavel"]
[Black "Cornell, David"]
[Result "0-1"]
[WhiteElo "561"]
[BlackElo "1765"]
[PlyCount "20"]
[EventDate "2018.08.14"]
[EventType "tourn (corr)"]
[EventRounds "4"]
[EventCountry "GER"]
[SourceTitle "Corr 2022"]
[Source "ChessBase"]
[SourceDate "2021.10.24"]
[SourceVersion "1"]
[SourceVersionDate "2021.10.24"]
[SourceQuality "1"]

1. e4 e5 2. Nf3 Nf6 3. Nc3 d6 4. h3 Be7 5. Bc4 0-0 6. 0-0 Nc6 7. d4 exd4 8. Nxd4 Ne5 9. f4 Nxc4 10. b3 Nb6 0-1

[Event "CP-2017-P-00028"]
[Site "LSS email"]
[Date "2017.09.27"]
[Round "?"]
[White "Cornell, David"]
[Black "Nowak, Adam"]
[Result "1/2-1/2"]
[WhiteElo "1797"]
[BlackElo "2241"]
[PlyCount "73"]
[EventDate "2017.10.01"]
[EventType "tourn (corr)"]
[EventRounds "6"]
[EventCountry "GER"]
[SourceTitle "Corr 2022"]
[Source "ChessBase"]
[SourceDate "2021.10.24"]
[SourceVersion "1"]
[SourceVersionDate "2021.10.24"]
[SourceQuality "1"]

1. Nf3 c5 2. c4 Nf6 3. Nc3 a6 4. g3 e6 5. Bg2 Qc7 6. 0-0 Be7 7. b3 Nc6 8. Bb2 0-0 9. d4 cxd4 10. Nxd4 Rb8 11. Rc1 Nxd4 12. Qxd4 b6 13. Ne4 Bb7 14. Nxf6+ Bxf6 15. Qd2 Be7 16. Bxb7 Qxb7 17. Rfd1 Rfd8 18. Qf4 f6 19. Rd3 Rbc8 20. Rcd1 b5 21. cxb5 axb5 22. a3 Rc2 23. R3d2 Rxd2 24. Rxd2 Qc6 25. Qd4 Ra8 26. Qxd7 Qxd7 27. Rxd7 Bxa3 28. Bxa3 Rxa3 29. Rd3 e5 30. Kg2 Kf7 31. h4 Kg6 32. Kf3 b4 33. Ke4 Ra2 34. Re3 Rd2 35. Kf3 Rc2 36. Ke4 Rc5 37. g4 1/2-1/2

[Event "OP-2017-0-04254"]
[Site "LSS email"]
[Date "2017.01.09"]
[Round "?"]
[White "Cornell, David"]
[Black "Karasev, Aleksandr"]
[Result "1/2-1/2"]
[WhiteElo "1821"]
[BlackElo "1345"]
[PlyCount "41"]
[EventDate "2017.01.05"]
[EventType "tourn (corr)"]
[EventRounds "4"]
[EventCountry "GER"]
[SourceTitle "Corr 2022"]
[Source "ChessBase"]
[SourceDate "2021.10.24"]
[SourceVersion "1"]
[SourceVersionDate "2021.10.24"]
[SourceQuality "1"]

1. d4 Nf6 2. Nf3 g6 3. g3 Bg7 4. Bg2 0-0 5. 0-0 d5 6. Nbd2 c5 7. dxc5 Qc7 8. Nb3 Nbd7 9. c3 e5 10. e4 dxe4 11. Ng5 Nxc5 12. Nxc5 Qxc5 13. Nxe4 Nxe4 14. Bxe4 Qe7 15. Be3 Be6 16. Bg2 Rad8 17. Qc2 Qc7 18. Rfd1 b6 19. Rac1 f5 20. Rxd8 Rxd8 21. Rd1 1/2-1/2

[Event "OP-2016-0-04227"]
[Site "LSS email"]
[Date "2016.12.12"]
[Round "?"]
[White "Cornell, David"]
[Black "Thomae, Eberhard"]
[Result "1/2-1/2"]
[WhiteElo "1821"]
[BlackElo "1798"]
[PlyCount "37"]
[EventDate "2016.12.07"]
[EventType "tourn (corr)"]
[EventRounds "4"]
[EventCountry "GER"]
[SourceTitle "Corr 2022"]
[Source "ChessBase"]
[SourceDate "2021.10.24"]
[SourceVersion "1"]
[SourceVersionDate "2021.10.24"]
[SourceQuality "1"]

1. d4 Nf6 2. Nf3 e6 3. Bf4 c5 4. e3 Nc6 5. Nbd2 cxd4 6. exd4 Be7 7. h3 0-0 8. c3 d6 9. Be2 Qc7 10. 0-0 e5 11. dxe5 dxe5 12. Bh2 Rd8 13. Qc2 Nd5 14. Rfe1 g6 15. Bc4 f6 16. a3 Kg7 17. Rad1 Be6 18. Bd3 a6 19. Ne4 1/2-1/2

[Event "CP-2016-P-00012"]
[Site "LSS email"]
[Date "2016.09.27"]
[Round "?"]
[White "Kushnaryov, Andrey"]
[Black "Cornell, David"]
[Result "1-0"]
[WhiteElo "2148"]
[BlackElo "1823"]
[PlyCount "81"]
[EventDate "2016.10.01"]
[EventType "tourn (corr)"]
[EventRounds "6"]
[EventCountry "GER"]
[SourceTitle "Corr 2022"]
[Source "ChessBase"]
[SourceDate "2021.10.24"]
[SourceVersion "1"]
[SourceVersionDate "2021.10.24"]
[SourceQuality "1"]

1. Nf3 Nf6 2. c4 g6 3. g3 Bg7 4. Bg2 0-0 5. d4 d6 6. 0-0 Nbd7 7. Nc3 c6 8. e4 e5 9. h3 exd4 10. Nxd4 Re8 11. Be3 a5 12. Qc2 Nc5 13. Rad1 Qe7 14. Rfe1 a4 15. f4 Qc7 16. Bf2 Rd8 17. Nf3 Nfd7 18. Bd4 Nb6 19. Bxg7 Kxg7 20. Qf2 Be6 21. f5 gxf5 22. Ng5 Qe7 23. Qd4+ Kg8 24. Nxh7 Kxh7 25. exf5 Nxc4 26. fxe6 Ne5 27. exf7 Ne6 28. Qe3 Ng5 29. Rf1 Ngxf7 30. Ne4 d5 31. Nf6+ Kg7 32. Ng4 Rf8 33. Rf5 Rae8 34. Qd4 b6 35. Kh2 Qc5 36. Qf4 Re6 37. Rf1 Nxg4+ 38. Qxg4+ Rg6 39. Qxa4 Qd6 40. R1f4 Kg8 41. Qa7 1-0

[Event "CP-2015-P-00043"]
[Site "LSS email"]
[Date "2015.09.28"]
[Round "?"]
[White "Cornell, David"]
[Black "Kele, Karoly"]
[Result "1/2-1/2"]
[WhiteElo "1827"]
[BlackElo "2079"]
[PlyCount "75"]
[EventDate "2015.10.01"]
[EventType "tourn (corr)"]
[EventRounds "6"]
[EventCountry "GER"]
[SourceTitle "Corr 2022"]
[Source "ChessBase"]
[SourceDate "2021.10.24"]
[SourceVersion "1"]
[SourceVersionDate "2021.10.24"]
[SourceQuality "1"]

1. Nf3 Nf6 2. d4 e6 3. g3 b6 4. Bg2 Bb7 5. 0-0 Be7 6. c4 0-0 7. Nc3 Ne4 8. Qc2 Nxc3 9. Qxc3 f5 10. b3 Bf6 11. Bb2 d6 12. Rad1 a5 13. Ne1 Bxg2 14. Nxg2 Nc6 15. Qc2 Qd7 16. a3 e5 17. dxe5 Bxe5 18. Bxe5 Nxe5 19. Nf4 Rae8 20. Nd5 Ng6 21. e3 Ne5 22. Qe2 Re6 23. Rc1 Rh6 24. Nf4 Re8 25. h4 Ng6 26. Nxg6 Rxg6 27. Qd2 Re5 28. Rfe1 Qe7 29. Kf1 Rge6 30. Qd1 h6 31. Qf3 Qf7 32. Red1 Re8 33. Rd5 R8e7 34. Rxe5 Rxe5 35. Rd1 a4 36. Qa8+ Qe8 37. Qxe8+ Rxe8 38. b4 1/2-1/2

[Event "BI-2015-F-0000"]
[Site "LSS email"]
[Date "2015.02.12"]
[Round "?"]
[White "Chester, Ian"]
[Black "Cornell, David"]
[Result "1/2-1/2"]
[WhiteElo "1380"]
[BlackElo "1831"]
[PlyCount "79"]
[EventDate "2015.02.11"]
[EventType "tourn (corr)"]
[EventRounds "10"]
[EventCountry "GER"]
[SourceTitle "Corr 2022"]
[Source "ChessBase"]
[SourceDate "2021.10.24"]
[SourceVersion "1"]
[SourceVersionDate "2021.10.24"]
[SourceQuality "1"]

1. e4 b6 2. d4 e6 3. Nf3 Bb7 4. Bd3 d6 5. 0-0 Nd7 6. c4 Be7 7. Nc3 Ngf6 8. Bf4 0-0 9. Re1 c5 10. e5 Nh5 11. exd6 Nxf4 12. dxe7 Qxe7 13. Be4 Nf6 14. Bxb7 Qxb7 15. Qd2 cxd4 16. Qxd4 Ng6 17. Rad1 a6 18. b3 h6 19. h3 Rac8 20. Re3 Ne7 21. Red3 Nc6 22. Qe3 b5 23. Ne4 Nxe4 24. Qxe4 bxc4 25. bxc4 Na5 26. Qxb7 Nxb7 27. Ne5 f6 28. Nd7 Rf7 29. Rc1 Rc7 30. Nb6 Rc6 31. Nd7 Nd6 32. Nb8 Rxc4 33. Rxc4 Nxc4 34. Nxa6 Ra7 35. Nc5 e5 36. a4 Kf7 37. Rb3 Rc7 38. Rb7 Rxb7 39. Nxb7 Ke7 40. a5 1/2-1/2

[Event "BI-2015-F-0000"]
[Site "LSS email"]
[Date "2015.02.12"]
[Round "?"]
[White "Cornell, David"]
[Black "Bienkowski, Alejandro"]
[Result "1/2-1/2"]
[WhiteElo "1831"]
[BlackElo "1890"]
[PlyCount "39"]
[EventDate "2015.02.11"]
[EventType "tourn (corr)"]
[EventRounds "10"]
[EventCountry "GER"]
[SourceTitle "Corr 2022"]
[Source "ChessBase"]
[SourceDate "2021.10.24"]
[SourceVersion "1"]
[SourceVersionDate "2021.10.24"]
[SourceQuality "1"]

1. d4 Nf6 2. Nf3 g6 3. Bf4 Bg7 4. e3 0-0 5. h3 d6 6. c4 c5 7. Nc3 cxd4 8. exd4 Nc6 9. Be2 d5 10. 0-0 Bf5 11. Re1 Rc8 12. Rc1 dxc4 13. Bxc4 Na5 14. Bd3 Bxd3 15. Qxd3 e6 16. Red1 Nc4 17. Qe2 Nd5 18. Nxd5 Qxd5 19. b3 Nb6 20. Rc5 1/2-1/2

[Event "BI-2015-F-0000"]
[Site "LSS email"]
[Date "2015.02.12"]
[Round "?"]
[White "Cornell, David"]
[Black "Jenneborg, Seved"]
[Result "1/2-1/2"]
[WhiteElo "1831"]
[BlackElo "1614"]
[PlyCount "81"]
[EventDate "2015.02.11"]
[EventType "tourn (corr)"]
[EventRounds "10"]
[EventCountry "GER"]
[SourceTitle "Corr 2022"]
[Source "ChessBase"]
[SourceDate "2021.10.24"]
[SourceVersion "1"]
[SourceVersionDate "2021.10.24"]
[SourceQuality "1"]

1. d4 Nf6 2. Nf3 d5 3. e3 e6 4. Bd3 Be7 5. Nbd2 c5 6. dxc5 a5 7. 0-0 Na6 8. Be2 Nxc5 9. b3 0-0 10. Bb2 b6 11. c4 Bb7 12. Qc2 dxc4 13. Nxc4 Be4 14. Qd1 Bd5 15. Qd4 Qb8 16. Rac1 a4 17. b4 a3 18. Ba1 Ncd7 19. Qh4 Bxb4 20. Bd3 Bxf3 21. gxf3 Rd8 22. f4 h6 23. Qg3 Qb7 24. Rb1 Bf8 25. Be2 Rac8 26. Bf3 Qa6 27. Nxb6 Nxb6 28. Bxf6 Rd7 29. Kh1 Nd5 30. Be5 Ne7 31. Rg1 g6 32. h4 Bg7 33. Bxg7 Kxg7 34. h5 Rc2 35. hxg6 f6 36. Rbd1 Qc8 37. Rxd7 Qxd7 38. Rd1 Qc8 39. Ra1 Qc3 40. Rd1 Rd2 41. Qg1 1/2-1/2

[Event "BI-2015-F-0000"]
[Site "LSS email"]
[Date "2015.02.12"]
[Round "?"]
[White "Cornell, David"]
[Black "Pech, Jaroslav Sr"]
[Result "1-0"]
[WhiteElo "1831"]
[BlackElo "1776"]
[PlyCount "45"]
[EventDate "2015.02.11"]
[EventType "tourn (corr)"]
[EventRounds "10"]
[EventCountry "GER"]
[SourceTitle "Corr 2022"]
[Source "ChessBase"]
[SourceDate "2021.10.24"]
[SourceVersion "1"]
[SourceVersionDate "2021.10.24"]
[SourceQuality "1"]

1. d4 d5 2. Nf3 Nf6 3. Bf4 Bf5 4. e3 e6 5. c4 Bxb1 6. Rxb1 Bb4+ 7. Ke2 Bd6 8. g3 Nc6 9. Ne5 Ne7 10. Kf3 0-0 11. Kg2 c5 12. dxc5 Bxc5 13. b4 Bd6 14. c5 Bc7 15. Bd3 Qb8 16. Ng4 Nd7 17. Bb5 Nc6 18. Qa4 Bxf4 19. Bxc6 bxc6 20. exf4 Qb7 21. Rhc1 Rfb8 22. Qd1 Qc7 23. a4 1-0

[Event "BI-2015-F-0000"]
[Site "LSS email"]
[Date "2015.02.12"]
[Round "?"]
[White "Sheers, Matthew"]
[Black "Cornell, David"]
[Result "1/2-1/2"]
[WhiteElo "1871"]
[BlackElo "1831"]
[PlyCount "64"]
[EventDate "2015.02.11"]
[EventType "tourn (corr)"]
[EventRounds "10"]
[EventCountry "GER"]
[SourceTitle "Corr 2022"]
[Source "ChessBase"]
[SourceDate "2021.10.24"]
[SourceVersion "1"]
[SourceVersionDate "2021.10.24"]
[SourceQuality "1"]

1. d4 d5 2. c4 c6 3. Nc3 Nf6 4. e3 e6 5. Nf3 Nbd7 6. b3 Bb4 7. Bd2 0-0 8. Be2 Qe7 9. 0-0 b6 10. Bd3 a5 11. Qc2 h6 12. Ne2 c5 13. cxd5 Nxd5 14. e4 N5f6 15. e5 Nd5 16. Nf4 Bb7 17. Bh7+ Kh8 18. Nxd5 Bxd5 19. Be4 Bxe4 20. Qxe4 Bxd2 21. Nxd2 cxd4 22. Qxd4 Qb4 23. Nc4 b5 24. a3 Qxb3 25. Nd6 Rab8 26. f4 b4 27. axb4 Qxb4 28. Qa7 Nc5 29. Rxa5 Qd4+ 30. Kh1 Qxf4 31. Raa1 Qb4 32. Qe7 Kh7 1/2-1/2

[Event "CP-2014-P-00063"]
[Site "LSS email"]
[Date "2014.09.30"]
[Round "?"]
[White "Zmolil, Karel"]
[Black "Cornell, David"]
[Result "0-1"]
[WhiteElo "1326"]
[BlackElo "1827"]
[PlyCount "36"]
[EventDate "2014.10.01"]
[EventType "tourn (corr)"]
[EventRounds "6"]
[EventCountry "GER"]
[SourceTitle "Corr 2022"]
[Source "ChessBase"]
[SourceDate "2021.10.24"]
[SourceVersion "1"]
[SourceVersionDate "2021.10.24"]
[SourceQuality "1"]

1. e4 b6 2. Bc4 Bb7 3. d3 e6 4. Nd2 Nf6 5. Bb3 Be7 6. Ngf3 0-0 7. c4 c5 8. 0-0 Nc6 9. h3 d5 10. cxd5 exd5 11. Re1 dxe4 12. dxe4 b5 13. Bc2 Nb4 14. Bb1 c4 15. Qe2 Bc5 16. e5 Re8 17. Ne4 Nxe4 18. Rd1 Ng3 0-1

[Event "BI-2014-P-0008"]
[Site "LSS email"]
[Date "2014.04.19"]
[Round "?"]
[White "Dard, Michel"]
[Black "Cornell, David"]
[Result "1-0"]
[WhiteElo "2127"]
[BlackElo "1781"]
[PlyCount "57"]
[EventDate "2014.04.25"]
[EventType "tourn (corr)"]
[EventRounds "10"]
[EventCountry "GER"]
[SourceTitle "Corr 2015"]
[Source "ChessBase"]
[SourceDate "2015.07.17"]
[SourceVersion "1"]
[SourceVersionDate "2015.07.17"]
[SourceQuality "1"]

1. d4 Nf6 2. c4 e6 3. Nf3 b6 4. g3 Bb7 5. Bg2 Be7 6. 0-0 0-0 7. Nc3 d5 8. cxd5 Nxd5 9. Qc2 Nd7 10. Nxd5 Bxd5 11. e4 Bb7 12. Rd1 Rc8 13. Bf4 c5 14. d5 exd5 15. exd5 Bf6 16. Bh3 Ra8 17. Rac1 Re8 18. b4 a6 19. a4 a5 20. bxa5 Rxa5 21. Ng5 Bxg5 22. Bxg5 f6 23. Bf4 Kh8 24. Rb1 Ne5 25. Bxe5 Rxe5 26. Bg2 g5 27. Re1 Rxe1+ 28. Rxe1 Ra7 29. a5 1-0

[Event "BI-2014-F-0000"]
[Site "LSS email"]
[Date "2014.02.21"]
[Round "?"]
[White "Chester, Ian"]
[Black "Cornell, David"]
[Result "1/2-1/2"]
[WhiteElo "1259"]
[BlackElo "1842"]
[PlyCount "96"]
[EventDate "2014.02.27"]
[EventType "tourn (corr)"]
[EventRounds "10"]
[EventCountry "GER"]
[SourceTitle "Corr 2022"]
[Source "ChessBase"]
[SourceDate "2021.10.24"]
[SourceVersion "1"]
[SourceVersionDate "2021.10.24"]
[SourceQuality "1"]

1. e4 c5 2. Nf3 Nc6 3. d4 cxd4 4. Nxd4 Nf6 5. Nc3 e5 6. Ndb5 d6 7. Bg5 a6 8. Na3 Be7 9. Bxf6 Bxf6 10. Nc4 Be7 11. Nd5 Be6 12. Ncb6 Rb8 13. c3 0-0 14. a4 Bg5 15. Bc4 Kh8 16. 0-0 f5 17. exf5 Bxf5 18. a5 e4 19. f4 exf3 20. Qxf3 Ne5 21. Qe2 Qe8 22. Ne3 Nxc4 23. Nbxc4 d5 24. Rae1 Be6 25. Nb6 Qc6 26. Rxf8+ Rxf8 27. Nc2 Bg8 28. Nd4 Qc7 29. Qe5 Qf7 30. Nf3 Bh4 31. Rf1 Bf6 32. Qe2 Qc7 33. Qe3 Bd8 34. Ne5 Qd6 35. Rxf8 Qxf8 36. b4 Qf5 37. Qe1 Be7 38. Nf3 Bf6 39. Qd2 h6 40. Kf2 Bg5 41. Qe2 Bh4+ 42. Kg1 Bf6 43. Qd2 Be6 44. Nd4 Qb1+ 45. Kf2 Bf7 46. Nf3 Qf5 47. h3 Qe6 48. Nd4 Qe4 1/2-1/2

[Event "BI-2014-F-0000"]
[Site "LSS email"]
[Date "2014.02.21"]
[Round "?"]
[White "Cornell, David"]
[Black "Bauer, Rudolf"]
[Result "1/2-1/2"]
[WhiteElo "1842"]
[BlackElo "1828"]
[PlyCount "74"]
[EventDate "2014.02.27"]
[EventType "tourn (corr)"]
[EventRounds "10"]
[EventCountry "GER"]
[SourceTitle "Corr 2022"]
[Source "ChessBase"]
[SourceDate "2021.10.24"]
[SourceVersion "1"]
[SourceVersionDate "2021.10.24"]
[SourceQuality "1"]

1. d4 d5 2. Nf3 c6 3. e3 Bf5 4. c4 e6 5. Nc3 Nd7 6. Be2 Ngf6 7. Nh4 Be4 8. 0-0 h6 9. Qb3 Qb6 10. Nxe4 dxe4 11. Qxb6 axb6 12. g3 Be7 13. Ng2 0-0 14. Bd2 Rfd8 15. Bc3 Ne8 16. Rfd1 Nf8 17. Ne1 Nh7 18. a3 g6 19. Nc2 Bf8 20. Kg2 Nhf6 21. b3 Kg7 22. f4 Be7 23. a4 Kf8 24. Rf1 Ng7 25. g4 Rdc8 26. h3 Nd5 27. Bd2 Nc7 28. Nb4 Ra7 29. Na2 Rd8 30. Nc3 f5 31. Rab1 c5 32. Be1 cxd4 33. exd4 Rd7 34. Bf2 Ra8 35. Rfd1 Bf6 36. Rb2 Nge8 37. Be3 Rad8 1/2-1/2

[Event "BI-2014-F-0000"]
[Site "LSS email"]
[Date "2014.02.21"]
[Round "?"]
[White "Iacobitz, Lucian Valentin"]
[Black "Cornell, David"]
[Result "1-0"]
[WhiteElo "1849"]
[BlackElo "1842"]
[PlyCount "87"]
[EventDate "2014.02.27"]
[EventType "tourn (corr)"]
[EventRounds "10"]
[EventCountry "GER"]
[SourceTitle "Corr 2022"]
[Source "ChessBase"]
[SourceDate "2021.10.24"]
[SourceVersion "1"]
[SourceVersionDate "2021.10.24"]
[SourceQuality "1"]

1. e4 b6 2. d4 Bb7 3. Bd3 e6 4. Nf3 c5 5. c3 d6 6. 0-0 Nd7 7. d5 exd5 8. exd5 Ngf6 9. Re1+ Be7 10. c4 0-0 11. Nc3 Re8 12. Qc2 Nf8 13. Re2 Ng6 14. Bg5 Bc8 15. Rae1 Bd7 16. Bf5 Kf8 17. h4 Bxf5 18. Qxf5 Qc8 19. Qxc8 Raxc8 20. Nb5 a6 21. Na7 Rc7 22. Nc6 h5 23. Nd2 b5 24. b3 bxc4 25. bxc4 Ng8 26. Ne4 Rd7 27. f4 f6 28. f5 Ne5 29. Nxe5 fxe5 30. Rb1 Nf6 31. Bxf6 Bxf6 32. Rb6 Red8 33. g3 Be7 34. Reb2 Ra7 35. Kf2 Kf7 36. Ke3 a5 37. a4 Rdd7 38. Rb8 Bd8 39. Kd3 Ra6 40. Rc8 Be7 41. Rbb8 Raa7 42. Rb6 Rab7 43. Rb5 Ra7 44. Rh8 1-0

[Event "SB-2013-0-00347"]
[Site "LSS email"]
[Date "2014.01.07"]
[Round "?"]
[White "Cornell, David"]
[Black "Razumov, Aleksandr Nikolaevi"]
[Result "1-0"]
[WhiteElo "1781"]
[BlackElo "1763"]
[PlyCount "65"]
[EventDate "2013.12.15"]
[EventType "tourn (corr)"]
[EventRounds "6"]
[EventCountry "GER"]
[SourceTitle "Corr 2015"]
[Source "ChessBase"]
[SourceDate "2015.07.17"]
[SourceVersion "1"]
[SourceVersionDate "2015.07.17"]
[SourceQuality "1"]

1. d4 Nf6 2. Nf3 g6 3. g3 d5 4. Bg2 c6 5. c3 Bf5 6. Qb3 Qb6 7. 0-0 Nbd7 8. Nbd2 e6 9. h3 h6 10. Ne5 Nxe5 11. dxe5 Nd7 12. g4 Qxb3 13. Nxb3 Bc2 14. Nd4 Ba4 15. b3 Bb5 16. Nxb5 cxb5 17. c4 bxc4 18. bxc4 dxc4 19. Bxb7 Rd8 20. Bc6 Bc5 21. Rb1 Kf8 22. Rd1 Rb8 23. Rxb8+ Nxb8 24. Bb5 c3 25. Rd3 Bb4 26. Rd4 Ba5 27. Rc4 Kg7 28. Ba3 h5 29. Kg2 g5 30. gxh5 Rg8 31. Kg3 Bb6 32. e3 Ba5 33. Kg4 1-0

[Event "CP-2013-P-00001"]
[Site "LSS email"]
[Date "2013.09.30"]
[Round "?"]
[White "Jablonski, Czeslaw"]
[Black "Cornell, David"]
[Result "1/2-1/2"]
[WhiteElo "1777"]
[BlackElo "1781"]
[PlyCount "60"]
[EventDate "2013.10.01"]
[EventType "tourn (corr)"]
[EventRounds "6"]
[EventCountry "GER"]
[SourceTitle "Corr 2015"]
[Source "ChessBase"]
[SourceDate "2015.07.17"]
[SourceVersion "1"]
[SourceVersionDate "2015.07.17"]
[SourceQuality "1"]

1. e4 b6 2. d4 Bb7 3. Bd3 e6 4. Nf3 c5 5. c3 Nf6 6. e5 Ne4 7. 0-0 d5 8. exd6 Bxd6 9. dxc5 Nxc5 10. Bc2 Be7 11. Qe2 Qc7 12. Rd1 Nbd7 13. b4 Na6 14. Bg5 Bxg5 15. Nxg5 Nf6 16. Ba4+ Ke7 17. Bb5 Nb8 18. Nd2 h6 19. Nge4 Nbd7 20. Bxd7 Nxd7 21. Nf3 Rhd8 22. Nd6 Bxf3 23. Qxf3 Ne5 24. Qe4 Nc6 25. Nc4 Kf8 26. Rac1 Rac8 27. Na3 Rxd1+ 28. Rxd1 a6 29. b5 axb5 30. Nxb5 Qe5 1/2-1/2

[Event "CP-2013-P-00001"]
[Site "LSS email"]
[Date "2013.09.30"]
[Round "?"]
[White "Recio Chicharro, Luis"]
[Black "Cornell, David"]
[Result "0-1"]
[WhiteElo "1193"]
[BlackElo "1781"]
[PlyCount "80"]
[EventDate "2013.10.01"]
[EventType "tourn (corr)"]
[EventRounds "6"]
[EventCountry "GER"]
[SourceTitle "Corr 2015"]
[Source "ChessBase"]
[SourceDate "2015.07.17"]
[SourceVersion "1"]
[SourceVersionDate "2015.07.17"]
[SourceQuality "1"]

1. d4 Nf6 2. c4 e6 3. Nc3 Bb4 4. Qc2 0-0 5. a3 Bxc3+ 6. bxc3 d6 7. e4 Nbd7 8. Bd3 e5 9. Nf3 b6 10. 0-0 Bb7 11. d5 Re8 12. h3 Nc5 13. Bg5 Rc8 14. Nh4 h6 15. Bxf6 Qxf6 16. Nf5 Rcd8 17. a4 a5 18. Ne3 Bc8 19. Be2 Qg6 20. Nf5 Nxe4 21. Nh4 Qh7 22. Bd3 f5 23. Rfe1 g5 24. Nf3 Nc5 25. Bf1 f4 26. Qxh7+ Kxh7 27. Nd2 Bf5 28. f3 Kg7 29. Ne4 Bxe4 30. fxe4 Rf8 31. Kf2 h5 32. Kf3 Rf6 33. Ra2 Rdf8 34. Be2 g4+ 35. hxg4 hxg4+ 36. Kxg4 Rg6+ 37. Kf3 Rg3+ 38. Kf2 Nxe4+ 39. Kg1 Nxc3 40. Raa1 f3 0-1